00322pab a2200121 454500008004000000100002000040245006900060260000900129300001500138362001200153650001800165773001700183180718b2010 xxu||||| |||| 00| 0 eng d aBabu, B. Ramesh aLegitimate globalisation: towards new universal norms and values c2010 ap.399-409. aJan-Jun aGlobalization aMan in India